000 00370nam a22001457a 4500
999 _c193579
_d193579
008 221102b ||||| |||| 00| 0 eng d
082 _aS-SWA
100 _aSWAMY,OM
245 _aWHEN ALL IS NOT WELL
_hENGLISH
260 _aNEW DELHI
_bA.I.C.B
_cROHINI
270 _aA.I.C.B,ROHINI NEW DELHI
300 _a.
_b.
_c12X13
490 _v1-2
942 _2ddc
_cBRLEN
_kS
_mSWA